600 otázok a odpovedí z teórie pravdepodobnosti

Na minha lista:
Detalhes bibliográficos
Autor principal: Horáková, Galina
Autor Corporativo: Ekonomická univerzita v Bratislave. Fakulta hospodárskej informatiky
Outros Autores: Starečková, Anna
Formato: Livro
Idioma:eslovaco
Publicado em: Bratislava Vydavateľstvo EKONÓM 2003
Assuntos:
Tags: Adicionar Tag
Sem tags, seja o primeiro a adicionar uma tag!

MARC

LEADER 00000nam$a2200000$$$4500
001 0069242
005 20230112075118.4
041 0 |a slo 
044 |a SK 
245 1 0 |a 600 otázok a odpovedí z teórie pravdepodobnosti  |c Galina Horáková, Anna Starečková 
264 1 |a Bratislava  |b Vydavateľstvo EKONÓM  |c 2003 
300 |a 29 s. 
610 2 0 |a teória pravdepodobnosti 
610 2 0 |a matematika 
100 1 |a Horáková, Galina 
700 1 |a Starečková, Anna 
710 2 |a Ekonomická univerzita v Bratislave. Fakulta hospodárskej informatiky